<?xml version="1.0" encoding="UTF-8"?>
<record
    xmlns:xsi="http://www.w3.org/2001/XMLSchema-instance"
    xsi:schemaLocation="http://www.loc.gov/MARC21/slim http://www.loc.gov/standards/marcxml/schema/MARC21slim.xsd"
    xmlns="http://www.loc.gov/MARC21/slim">

  <leader>02210nam a2200397   4500</leader>
  <controlfield tag="005">20150217140756.0</controlfield>
  <controlfield tag="008">150217b        mx||||| |||| 00| 0 spa d</controlfield>
  <datafield tag="020" ind1=" " ind2=" ">
    <subfield code="a">9683624731 (v. 2)</subfield>
  </datafield>
  <datafield tag="020" ind1=" " ind2=" ">
    <subfield code="a">9683629261 (v. 3)</subfield>
  </datafield>
  <datafield tag="020" ind1=" " ind2=" ">
    <subfield code="a">9683634389 (v. 4)</subfield>
  </datafield>
  <datafield tag="020" ind1=" " ind2=" ">
    <subfield code="a">9683661858 (v. 5)</subfield>
  </datafield>
  <datafield tag="020" ind1=" " ind2=" ">
    <subfield code="a">968366721X (v. 6)</subfield>
  </datafield>
  <datafield tag="020" ind1=" " ind2=" ">
    <subfield code="a">9683673597 (v. 7)</subfield>
  </datafield>
  <datafield tag="050" ind1="0" ind2="4">
    <subfield code="a">QK658</subfield>
    <subfield code="b">F56 1992</subfield>
  </datafield>
  <datafield tag="245" ind1="0" ind2="0">
    <subfield code="a">Flora palinol&#xF3;gica de Guerrero</subfield>
    <subfield code="c"> / Ver&#xF3;nica Ju&#xE1;rez Jaimes,...[et al.]</subfield>
  </datafield>
  <datafield tag="250" ind1=" " ind2=" ">
    <subfield code="a">1a ed.</subfield>
  </datafield>
  <datafield tag="260" ind1=" " ind2=" ">
    <subfield code="a">M&#xE9;xico :</subfield>
    <subfield code="b">Universidad Nacional Aut&#xF3;noma de M&#xE9;xico, Facultad de Ciencias,</subfield>
    <subfield code="c">1992</subfield>
  </datafield>
  <datafield tag="300" ind1=" " ind2=" ">
    <subfield code="a">v. :</subfield>
    <subfield code="b">il. ;</subfield>
    <subfield code="c">27 cm.</subfield>
  </datafield>
  <datafield tag="505" ind1="1" ind2=" ">
    <subfield code="a">Contenido : v. 2 Simaroubaceae / Ver&#xF3;nica Ju&#xE1;rez Jaimes, Alejandro Mart&#xED;nez-Mena : editores Beatriz Ludlow-Wiechers, Nelly Diego-P&#xE9;rez, Judith M&#xE1;rquez-Guzm&#xE1;n -- v. 3 Araliaceae / Andira Vargas, Beatriz Ludlow-Wiechers ; editores Beatriz Ludlow-Wiechers, Nelly Diego-P&#xE9;rez, Judith M&#xE1;rquez-Guzm&#xE1;n -- v. 4 Lentibulariaceae / Sergio Zamudio, Beatriz Ludlow-Wiechers ; editores Beatriz Ludlow-Wiechers, Nelly Diego-P&#xE9;rez, Judith M&#xE1;rquez-Guzm&#xE1;n -- v. 5 Menyanthaceae, nymphaeaceae, pontederiaceae y typhaceae / Martha Olvera G. ; editores Beatriz Ludlow-Wiechers, Henry Hooghiemstra -- v. 6 Salicaceae / Patricia N&#xFA;&#xF1;ez, Beatriz Ludlow-Wiechers ; editores Beatriz Ludlow-Wiechers, Henry Hooghiemstra -- v. 7 Anacardiaceae / Lourdes Olvera, Rosa Mar&#xED;a Fonseca ; editores Beatriz Ludlow-Wiechers, Henry Hooghiemstra </subfield>
  </datafield>
  <datafield tag="650" ind1=" " ind2="7">
    <subfield code="2">Lemb</subfield>
    <subfield code="a">Palinolog&#xED;a</subfield>
    <subfield code="z">M&#xE9;xico</subfield>
    <subfield code="z">Guerrero (Estado)</subfield>
  </datafield>
  <datafield tag="650" ind1=" " ind2="7">
    <subfield code="2">Lemb</subfield>
    <subfield code="a">Palinotaxonom&#xED;a</subfield>
    <subfield code="z">M&#xE9;xico</subfield>
    <subfield code="z">Guerrero (Estado)</subfield>
  </datafield>
  <datafield tag="650" ind1=" " ind2="7">
    <subfield code="2">Lemb</subfield>
    <subfield code="a">Polen</subfield>
    <subfield code="x">Morfolog&#xED;a</subfield>
    <subfield code="z">M&#xE9;xico</subfield>
    <subfield code="z">Guerrero (Estado)</subfield>
  </datafield>
  <datafield tag="700" ind1="1" ind2=" ">
    <subfield code="a">Ju&#xE1;rez-Jaimes, Ver&#xF3;nica</subfield>
    <subfield code="e">coaut.</subfield>
  </datafield>
  <datafield tag="700" ind1="1" ind2=" ">
    <subfield code="a">Mart&#xED;nez-Mena, Alejandro</subfield>
    <subfield code="e">coaut.</subfield>
  </datafield>
  <datafield tag="700" ind1="1" ind2=" ">
    <subfield code="a">Vargas, Andira</subfield>
    <subfield code="e">coaut.</subfield>
  </datafield>
  <datafield tag="700" ind1="1" ind2=" ">
    <subfield code="a">Ludlow-Wiechers, Beatriz</subfield>
    <subfield code="e">coaut. y ed.</subfield>
  </datafield>
  <datafield tag="700" ind1="1" ind2=" ">
    <subfield code="a">Zamudio, Sergio</subfield>
    <subfield code="e">coaut.</subfield>
  </datafield>
  <datafield tag="700" ind1="1" ind2=" ">
    <subfield code="a">Olvera G. Martha</subfield>
    <subfield code="e">coaut.</subfield>
  </datafield>
  <datafield tag="700" ind1="1" ind2=" ">
    <subfield code="a">N&#xFA;&#xF1;ez, Patricia</subfield>
    <subfield code="e">coaut.</subfield>
  </datafield>
  <datafield tag="700" ind1="1" ind2=" ">
    <subfield code="a">Olvera, Lourdes</subfield>
    <subfield code="e">coaut.</subfield>
  </datafield>
  <datafield tag="700" ind1="1" ind2=" ">
    <subfield code="a">Fonseca, Rosa Mar&#xED;a</subfield>
    <subfield code="e">coaut.</subfield>
  </datafield>
  <datafield tag="700" ind1="1" ind2=" ">
    <subfield code="a">Digo-P&#xE9;rez, Nelly</subfield>
    <subfield code="e">ed.</subfield>
  </datafield>
  <datafield tag="700" ind1="1" ind2=" ">
    <subfield code="a">M&#xE1;rquez-Guzm&#xE1;n, Judith</subfield>
    <subfield code="e">ed.</subfield>
  </datafield>
  <datafield tag="700" ind1="1" ind2=" ">
    <subfield code="a">Hooghiemstra, Henry</subfield>
    <subfield code="e">ed.</subfield>
  </datafield>
  <datafield tag="942" ind1=" " ind2=" ">
    <subfield code="2">lcc</subfield>
    <subfield code="c">LIB</subfield>
  </datafield>
  <datafield tag="999" ind1=" " ind2=" ">
    <subfield code="c">88623</subfield>
    <subfield code="d">88623</subfield>
  </datafield>
  <datafield tag="952" ind1=" " ind2=" ">
    <subfield code="1">0</subfield>
    <subfield code="2">lcc</subfield>
    <subfield code="4">0</subfield>
    <subfield code="7">3</subfield>
    <subfield code="a">LIC-032</subfield>
    <subfield code="b">LIC-032</subfield>
    <subfield code="c">GENERAL</subfield>
    <subfield code="d">2015-02-17</subfield>
    <subfield code="e">UA</subfield>
    <subfield code="f">1a</subfield>
    <subfield code="k">CNE</subfield>
    <subfield code="o">QK658 F56 1992</subfield>
    <subfield code="p">BFB000001111</subfield>
    <subfield code="r">2015-02-17 00:00:00</subfield>
    <subfield code="t">C:1 V:2</subfield>
    <subfield code="y">LIB</subfield>
  </datafield>
  <datafield tag="952" ind1=" " ind2=" ">
    <subfield code="1">0</subfield>
    <subfield code="2">lcc</subfield>
    <subfield code="4">0</subfield>
    <subfield code="7">3</subfield>
    <subfield code="a">LIC-032</subfield>
    <subfield code="b">LIC-032</subfield>
    <subfield code="c">GENERAL</subfield>
    <subfield code="d">2015-02-17</subfield>
    <subfield code="e">UA</subfield>
    <subfield code="f">1a</subfield>
    <subfield code="k">CNE</subfield>
    <subfield code="o">QK658 F56 1992</subfield>
    <subfield code="p">BFB000001112</subfield>
    <subfield code="r">2015-02-17 00:00:00</subfield>
    <subfield code="t">C:1 V:3</subfield>
    <subfield code="y">LIB</subfield>
  </datafield>
  <datafield tag="952" ind1=" " ind2=" ">
    <subfield code="1">0</subfield>
    <subfield code="2">lcc</subfield>
    <subfield code="4">0</subfield>
    <subfield code="7">3</subfield>
    <subfield code="a">LIC-032</subfield>
    <subfield code="b">LIC-032</subfield>
    <subfield code="c">GENERAL</subfield>
    <subfield code="d">2015-02-17</subfield>
    <subfield code="e">UA</subfield>
    <subfield code="f">1a</subfield>
    <subfield code="k">CNE</subfield>
    <subfield code="o">QK658 F56 1992</subfield>
    <subfield code="p">BFB000001113</subfield>
    <subfield code="r">2015-02-17 00:00:00</subfield>
    <subfield code="t">C:1 V:4</subfield>
    <subfield code="y">LIB</subfield>
  </datafield>
  <datafield tag="952" ind1=" " ind2=" ">
    <subfield code="1">0</subfield>
    <subfield code="2">lcc</subfield>
    <subfield code="4">0</subfield>
    <subfield code="7">3</subfield>
    <subfield code="a">LIC-032</subfield>
    <subfield code="b">LIC-032</subfield>
    <subfield code="c">GENERAL</subfield>
    <subfield code="d">2015-02-17</subfield>
    <subfield code="e">UA</subfield>
    <subfield code="f">1a</subfield>
    <subfield code="k">CNE</subfield>
    <subfield code="o">QK658 F56 1997</subfield>
    <subfield code="p">BFB000001114</subfield>
    <subfield code="r">2015-02-17 00:00:00</subfield>
    <subfield code="t">C:1 V:5</subfield>
    <subfield code="y">LIB</subfield>
  </datafield>
  <datafield tag="952" ind1=" " ind2=" ">
    <subfield code="1">0</subfield>
    <subfield code="2">lcc</subfield>
    <subfield code="4">0</subfield>
    <subfield code="7">3</subfield>
    <subfield code="a">LIC-032</subfield>
    <subfield code="b">LIC-032</subfield>
    <subfield code="c">GENERAL</subfield>
    <subfield code="d">2015-02-17</subfield>
    <subfield code="e">UA</subfield>
    <subfield code="f">1a</subfield>
    <subfield code="k">CNE</subfield>
    <subfield code="o">QK658 F56 1998</subfield>
    <subfield code="p">BFB000001115</subfield>
    <subfield code="r">2015-02-17 00:00:00</subfield>
    <subfield code="t">C:1 V:6</subfield>
    <subfield code="y">LIB</subfield>
  </datafield>
  <datafield tag="952" ind1=" " ind2=" ">
    <subfield code="1">0</subfield>
    <subfield code="2">lcc</subfield>
    <subfield code="4">0</subfield>
    <subfield code="7">3</subfield>
    <subfield code="a">LIC-032</subfield>
    <subfield code="b">LIC-032</subfield>
    <subfield code="c">GENERAL</subfield>
    <subfield code="d">2015-02-17</subfield>
    <subfield code="e">UA</subfield>
    <subfield code="f">1a</subfield>
    <subfield code="k">CNE</subfield>
    <subfield code="o">QK658 F56 1998</subfield>
    <subfield code="p">BFB000001116</subfield>
    <subfield code="r">2015-02-17 00:00:00</subfield>
    <subfield code="t">C:1 V:7</subfield>
    <subfield code="y">LIB</subfield>
  </datafield>
</record>
